000 00807nam a22002777a 4500
001 BR7602482
003 BR-BrBNA
005 20230928084948.0
007 ta
008 230509b bl.||||| |||| 00| 0 por d
040 _aBR-BrBNA
_bpor
_cBiblioteca Nacional de Agricultura
041 _a(Por)
072 _aF28; E30
_b/G514
090 _ F28 BR7602482
110 1 _aSecretaria da Agricultura, Curitiba, PR (Brasil)
_98367
245 1 _aPROICS. Programa Integrado de Conservacao de Solos 1976-1979 [Parana; Brasil]
260 3 _aCuritiba, PR (Brasil):
_c1976.
300 _a30 p.
650 _aConservacao do solo
650 _aDesenvolvimento agricola
650 _aAssistencia tecnica
650 _aErosao do solo
650 _aParana
909 _a202309
_bLucia
_c55
_dLucia Elande
942 _cBK
999 _c22122
_d22122